La seleccin̤ del convenio colectivo aplicable en la empresa

Bibliographic Details
Main Author: Mendoza Navas, Natividad
Format: eBook
Language:Spanish
Published: Albacete: Editorial Bomarzo, 2014
Subjects:
Online Access:Acceso restringido

MARC

LEADER 00000nam a22000007a 4500
005 2018022006426.0
007 cr|||| ||||
008 180220s2014 es |||||s|||| 00||0 spa d
020 |a 978-84-15923-59-6 
035 |a 12822 
040 |a vLex 
090 |c 7378  |d 7378 
100 1 |a Mendoza Navas, Natividad 
245 1 2 |a  La seleccin̤ del convenio colectivo aplicable en la empresa  |h [Recurso electrn̤ico] /  |c Natividad Mendoza Navas 
256 |a Servicio en ln̕ea 
260 |a Albacete:  |b Editorial Bomarzo,  |c 2014 
300 |a 1 recurso electrn̤ico 
500 |a Los cambios en el sistema proaucuvo y econm̤ico se proyectan sobre el modelo de negociacin̤ colectiva e influyen en la determinacin̤ del convenio colectivo aplicable a la empresa. Surgen nuevas actividades que no encuentran acomodo claro en los segmentos econm̤icos tradicionales afectando ello a la designacin̤ del convenio colectivo aplicable. Al mismo tiempo los convenios colectivos no enuncian con claridad su m̀bito funcional, pues las disposiciones que se encargan de especificar este aspecto negocial no expresan con exactitud cul̀es son las actividades englobadas en el convenio. A partir del principio de unidad de empresa y del principio de especialidad podr ̀definirse el convenio aplicable en la empresa en funcin̤ de su actividad. 
506 1 |a Disponible solo en los productos indicados  |d vLex Global  |d vLex Global (Academic Edition, excluding Law Schools)  |d vLex Global (U.S. Academic Edition, Law Schools)  |d vLex Global (U.S. Academic Edition, excluding Law Schools)  |d vLex Global (Academic Edition, Law Schools) 
650 0 4 |a Derecho Civil  |z Espaą 
650 0 4 |a Derecho Mercantil y de la Empresa  |z Espaą 
740 0 |a vLex Libros (Servicio en ln̕ea) 
856 4 0 |u http://vlex.com/source/seleccion-del-convenio-colectivo-aplicable-en-la-empresa-12822  |z Acceso restringido 
942 |c BOOK 
999 0 |a Civil Law 
999 0 |a Business and Company Law